000 00489nam a2200145 a 4500
008 120416s1983 ||||||||||||||||| || u
050 _aTH 438 Bea
100 _aBeaven, Leonard
245 1 0 _aThe architect's job book
250 _a4th rev. e
260 _aLondon
_bRIBA publications
_c1983
300 _a156p. : ill
350 _a0.00
995 _D0.00
_FCBU-MAIN LIBRARY (Kitwe)
_H1
_I8.00
_UAVAILABLE
_ZAnnex Low-Usage Collection
999 _c34729
_d34729